000 00377nam a2200133Ia 4500
005 20260328101521.0
008 260328s9999||||xx |||||||||||||| ||und||
100 _aUrrea Uyabán, Tatiana
245 0 _aConversaciones de Arquitectura Colombiana - Vol. 2 /
_cTatiana Urrea Uyabán
260 _bUniversidad de los Andes
300 _a115 p.
650 _aARQUITECTOS
942 _cBK
999 _c9586
_d9586